[Event "Porto San Giorgio op 23rd"]
[Site "Porto San Giorgio"]
[Date "2011.08.27"]
[Round "8"]
[White "Del Nevo, Claudio"]
[Black "Almadori, Giovanni"]
[Result "1-0"]
[WhiteElo "1831"]
[BlackElo "1660"]
[PlyCount "101"]
[EventDate "2011.08.21"]
[EventType "swiss"]
[EventRounds "9"]
[EventCountry "ITA"]
[SourceTitle "CBM 144 Extra"]
[Source "ChessBase"]
[SourceDate "2011.10.28"]
[SourceVersion "1"]
[SourceVersionDate "2011.10.28"]
[SourceQuality "1"]

1. d4 d6 2. Nf3 g6 3. c3 Bg7 4. h3 Nf6 5. Bg5 0-0 6. Bxf6 Bxf6 7. e3 Nd7 8. Bd3 Re8 9. Qc2 d5 10. h4 e5 11. dxe5 Nxe5 12. Nxe5 Rxe5 13. Nd2 c5 14. h5 Bf5 15. hxg6 Bxd3 16. gxf7+ Kg7 17. Qxd3 Qh8 18. Nf3 c4 19. Qd2 Rf5 20. Nd4 Re5 21. 0-0-0 Kxf7 22. f4 Re4 23. Nf5 Rd8 24. Qe2 Ke6 25. Nd4+ Bxd4 26. Rxd4 Rd7 27. Rxe4+ dxe4 28. Qxc4+ Kd6 29. Rd1+ Ke7 30. Qxe4+ Kd8 31. Rxd7+ Kxd7 32. Qxb7+ Ke6 33. Qxa7 Qg8 34. Qa6+ Ke7 35. Qb7+ Kf6 36. b3 h5 37. e4 Qg3 38. Qc6+ Ke7 39. Qc7+ Ke8 40. Qe5+ Kd7 41. Kb2 Qxg2+ 42. Ka3 h4 43. Qf5+ Kc7 44. Qh7+ Kb6 45. Qxh4 Qxe4 46. Qf6+ Kb7 47. f5 Qe3 48. Qd4 Qc1+ 49. Kb4 Qf1 50. f6 Kc8 51. Qc5+ 1-0

[Event "Porto San Giorgio op 23rd"]
[Site "Porto San Giorgio"]
[Date "2011.08.22"]
[Round "2"]
[White "Carnicelli, Valerio"]
[Black "Almadori, Giovanni"]
[Result "1-0"]
[WhiteElo "1898"]
[BlackElo "1660"]
[PlyCount "55"]
[EventDate "2011.08.21"]
[EventType "swiss"]
[EventRounds "9"]
[EventCountry "ITA"]
[SourceTitle "CBM 144 Extra"]
[Source "ChessBase"]
[SourceDate "2011.10.28"]
[SourceVersion "1"]
[SourceVersionDate "2011.10.28"]
[SourceQuality "1"]

1. e4 d6 2. d4 Nf6 3. Nc3 e5 4. f3 exd4 5. Qxd4 Nc6 6. Qd1 Bd7 7. Be3 g6 8. Qd2 Bg7 9. 0-0-0 Qe7 10. Bg5 h6 11. Nd5 Qd8 12. Bh4 g5 13. Bg3 Nxd5 14. exd5 Ne5 15. h4 Qf6 16. hxg5 hxg5 17. Rxh8+ Bxh8 18. Bxe5 dxe5 19. Qc3 0-0-0 20. d6 c6 21. Qa5 Kb8 22. Qc7+ Ka8 23. Rd3 Bf5 24. Rb3 Rb8 25. Ba6 Bc8 26. Qxc8 Rxc8 27. Bxb7+ Kb8 28. Bxc6# 1-0

[Event "Umbria Regional-ch"]
[Site "Foligno"]
[Date "2009.06.07"]
[Round "6"]
[White "Almadori, Giovanni"]
[Black "Seravelli, Paolo"]
[Result "0-1"]
[WhiteElo "1401"]
[BlackElo "1804"]
[PlyCount "62"]
[EventDate "2009.06.05"]
[EventType "swiss"]
[EventRounds "6"]
[EventCountry "ITA"]
[SourceTitle "EXT 2011"]
[Source "ChessBase"]
[SourceDate "2010.11.26"]
[SourceVersion "1"]
[SourceVersionDate "2010.11.26"]
[SourceQuality "1"]

1. Nf3 Nc6 2. d4 d5 3. g3 Nf6 4. Bg2 Bf5 5. c3 e6 6. Qa4 Nd7 7. 0-0 Bd6 8. Nbd2 0-0 9. Re1 Nb6 10. Qd1 h6 11. e4 dxe4 12. Nxe4 Bxe4 13. Rxe4 Qd7 14. Qc2 Rad8 15. Rg4 f5 16. Rh4 Be7 17. Rh3 Nd5 18. Bxh6 gxh6 19. Rxh6 Kg7 20. Rh3 Rh8 21. Rxh8 Rxh8 22. Re1 Bf6 23. Qe2 Kf7 24. h4 f4 25. Bh3 Nd8 26. Kg2 fxg3 27. fxg3 Rg8 28. Kf2 Qd6 29. Ne5+ Bxe5 30. Qh5+ Ke7 31. Rxe5 Rf8+ 0-1

[Event "Umbria Regional-ch"]
[Site "Foligno"]
[Date "2009.06.06"]
[Round "4"]
[White "Almadori, Giovanni"]
[Black "Minni, Stefano"]
[Result "0-1"]
[WhiteElo "1401"]
[BlackElo "1452"]
[PlyCount "72"]
[EventDate "2009.06.05"]
[EventType "swiss"]
[EventRounds "6"]
[EventCountry "ITA"]
[SourceTitle "EXT 2011"]
[Source "ChessBase"]
[SourceDate "2010.11.26"]
[SourceVersion "1"]
[SourceVersionDate "2010.11.26"]
[SourceQuality "1"]

1. Nf3 Nf6 2. g3 d5 3. d4 e6 4. Bg2 Nbd7 5. 0-0 Be7 6. b3 c5 7. Bb2 0-0 8. Nbd2 b6 9. c4 Bb7 10. Qc2 h6 11. Rfe1 Rc8 12. Rac1 cxd4 13. Nxd4 a6 14. e4 Nxe4 15. Nxe4 dxe4 16. Bxe4 Bxe4 17. Rxe4 Nf6 18. Ree1 Qc7 19. Qe2 Bb4 20. Nxe6 fxe6 21. Qxe6+ Kh8 22. Red1 Rce8 23. Qh3 Re2 24. Rb1 Qc6 25. a3 Bc5 26. Bd4 Bxd4 27. Rxd4 Rfe8 28. Rdd1 Ne4 29. Qg2 Qf6 30. Rf1 Nd2 31. b4 Nxb1 32. c5 bxc5 33. bxc5 Nxa3 34. c6 Nb5 35. h4 Re1 36. Kh2 Rxf1 0-1

[Event "Viterbo op 6th"]
[Site "Viterbo"]
[Date "2009.05.30"]
[Round "1"]
[White "Almadori, Giovanni"]
[Black "Faini, Marco"]
[Result "1/2-1/2"]
[WhiteElo "1401"]
[BlackElo "1915"]
[PlyCount "49"]
[EventDate "2009.05.30"]
[EventType "swiss"]
[EventRounds "7"]
[EventCountry "ITA"]
[SourceTitle "EXT 2011"]
[Source "ChessBase"]
[SourceDate "2010.11.26"]
[SourceVersion "1"]
[SourceVersionDate "2010.11.26"]
[SourceQuality "1"]

1. Nf3 Nf6 2. g3 g6 3. Bg2 Bg7 4. 0-0 d6 5. d4 c6 6. Bf4 Nbd7 7. Qd2 Qc7 8. Bh6 0-0 9. Bxg7 Kxg7 10. Re1 Rd8 11. e4 e5 12. c4 b6 13. Nc3 a6 14. Rac1 Bb7 15. b4 a5 16. b5 c5 17. dxe5 Nxe5 18. Nxe5 dxe5 19. Nd5 Bxd5 20. exd5 Qd6 21. Qc3 Nd7 22. f4 f6 23. Bh3 exf4 24. Re6 Qf8 25. Rce1 1/2-1/2